Principles and practices of management / (Record no. 207489)
[ view plain ]
| 000 -LEADER | |
|---|---|
| fixed length control field | 00763nam a2200253Ia 4500 |
| 003 - CONTROL NUMBER IDENTIFIER | |
| control field | OSt |
| 005 - DATE AND TIME OF LATEST TRANSACTION | |
| control field | 20220607115627.0 |
| 008 - FIXED-LENGTH DATA ELEMENTS--GENERAL INFORMATION | |
| fixed length control field | 210716s2011 xx 000 0 und d |
| 020 ## - INTERNATIONAL STANDARD BOOK NUMBER | |
| International Standard Book Number | 9789350042502 |
| 040 ## - CATALOGING SOURCE | |
| Transcribing agency | AIMIT LIBRARY |
| 041 ## - LANGUAGE CODE | |
| Language code of text/sound track or separate title | eng |
| 082 ## - DEWEY DECIMAL CLASSIFICATION NUMBER | |
| Classification number | 658 |
| Edition number | 1 |
| Item number | NERK |
| 100 ## - MAIN ENTRY--PERSONAL NAME | |
| Personal name | Nerkar, Kiran. |
| 9 (RLIN) | 40862 |
| 245 ## - TITLE STATEMENT | |
| Title | Principles and practices of management / |
| Statement of responsibility, etc. | By Kiran Nerkar and Vilas Chopde. |
| 250 ## - EDITION STATEMENT | |
| Edition statement | 1 st ed. |
| 260 ## - PUBLICATION, DISTRIBUTION, ETC. | |
| Place of publication, distribution, etc. | New Delhi : |
| Name of publisher, distributor, etc. | Dreamtech Press , |
| Date of publication, distribution, etc. | 2011. |
| 300 ## - PHYSICAL DESCRIPTION | |
| Extent | xx, 507p. ; |
| Dimensions | 26.5 cm. |
| 650 ## - SUBJECT ADDED ENTRY--TOPICAL TERM | |
| Topical term or geographic name entry element | Decision making and planning |
| 9 (RLIN) | 40863 |
| 650 ## - SUBJECT ADDED ENTRY--TOPICAL TERM | |
| Topical term or geographic name entry element | Directing function of management |
| 9 (RLIN) | 40864 |
| 650 ## - SUBJECT ADDED ENTRY--TOPICAL TERM | |
| Topical term or geographic name entry element | Motivation |
| 9 (RLIN) | 40865 |
| 650 ## - SUBJECT ADDED ENTRY--TOPICAL TERM | |
| Topical term or geographic name entry element | Leadership |
| 9 (RLIN) | 40866 |
| 700 ## - ADDED ENTRY--PERSONAL NAME | |
| Personal name | Chopde, Vilas. |
| 9 (RLIN) | 40867 |
| 942 ## - ADDED ENTRY ELEMENTS (KOHA) | |
| Source of classification or shelving scheme | Dewey Decimal Classification |
| Koha item type | Book |
| Edition | 1 |
| Call number prefix | 658 NERK |
| Withdrawn status | Lost status | Source of classification or shelving scheme | Damaged status | Not for loan | Collection code | Home library | Current library | Date acquired | Cost, normal purchase price | Inventory number | Total Checkouts | Full call number | Barcode | Date last seen | Date last checked out | Cost, replacement price | Price effective from | Koha item type |
|---|---|---|---|---|---|---|---|---|---|---|---|---|---|---|---|---|---|---|
| Dewey Decimal Classification | MBA | St Aloysius Institute of Management & Information Technology | St Aloysius Institute of Management & Information Technology | 10/01/2012 | 399.00 | Bill no:1348; Bill dt:2012-09-19 | 1 | 658 NERK | MBA10055 | 05/23/2026 | 05/15/2023 | 299.25 | 07/16/2021 | Book |